Who Scored The Goal? (Fenerbahçe) European Matches - Statistics

General Stats
  • This quiz has been taken 43 times
    10 since last reset
  • The average score is 27 of 34
Answer Stats
Matches Scorer % Correct
Fenerbahçe - Feyenoord90+5' 5-2 Anderson Talisca
100%
Fenerbahçe - Ferencvaros69' 1-1 Anderson Talisca
100%
Brann - Fenerbahçe36' 0-2 Anderson Talisca
100%
Brann - Fenerbahçe44' 0-3 Anderson Talisca
100%
Brann - Fenerbahçe65' 0-4 Anderson Talisca
100%
Fenerbahçe - Feyenoord44' 1-1 Archie Brown
100%
Fenerbahçe - Feyenoord55' 3-1 Fred
100%
FCSB - Fenerbahçe18' 0-1 İsmail Yüksek
100%
Fenerbahçe - Aston Villa25' 0-1 Jadon Sancho
100%
Fenerbahçe - Feyenoord45+2' 2-1 Jhon Duran
100%
Benfica - Fenerbahçe35' 1-0 Kerem Aktürkoğlu
100%
Fenerbahçe - Nice3' 1-0 Kerem Aktürkoğlu
100%
Fenerbahçe - Nice25' 2-0 Kerem Aktürkoğlu
100%
Fenerbahçe - Stuttgart34' 1-0 Kerem Aktürkoğlu
100%
Nottingham Forest - Fenerbahçe22' 0-1 Kerem Aktürkoğlu
100%
Nottingham Forest - Fenerbahçe48' 0-2 Kerem Aktürkoğlu
100%
Dinamo Zagreb - Fenerbahçe25' 1-1 Sebastian Szymanski
100%
Feyenoord - Fenerbahçe86' 1-1 Sofyan Amrabat
100%
Fenerbahçe - Feyenoord83' 4-1 Youssef En-Nesyri
100%
Brann - Fenerbahçe5' 0-1 Kerem Aktürkoğlu
83%
Feyenoord - Fenerbahçe90+1' 2-1 Anis Hadj-Moussa
67%
Fenerbahçe - Nottingham Forest43' 0-2 Igor Jesus
67%
Fenerbahçe - Nottingham Forest21' 0-1 Murillo
67%
Fenerbahçe - Feyenoord89' 4-2 Tsuyoshi Watanabe
67%
Fenerbahçe - Ferencvaros66' 0-1 Barnabas Varga
50%
Nottingham Forest - Fenerbahçe68' 1-2 Callum Hudson-Odoi
50%
Fenerbahçe - Nottingham Forest50' 0-3 Morgan Gibbs-White
50%
Feyenoord - Fenerbahçe19' 1-0 Quinten Timber
50%
Fenerbahçe - Feyenoord41' 0-1 Tsuyoshi Watanabe
50%
Dinamo Zagreb - Fenerbahçe21' 1-0 Drena Beljo
33%
Dinamo Zagreb - Fenerbahçe50' 2-1 Drena Beljo
33%
Fenerbahçe - Nice37' 2-1 Kevin Carlos
33%
Dinamo Zagreb - Fenerbahçe90+5' 3-1 Monsef Bakrar
33%
FCSB - Fenerbahçe71' 1-1 Yuri Cisotti
33%
No matching quizzes found
Score Distribution
Percent of People with Each Score
Percentile by Number Answered
Your Score History
You have not taken this quiz since the last reset